|
|
|
|
| LEADER |
00000nam a2200000Ii 4500 |
| 001 |
DIGANBSCH0047 |
| 003 |
NyNyDIG |
| 006 |
m o d |
| 007 |
cr ||||||||||| |
| 008 |
240103s2022 sp a ob 000 0 spa d |
| 035 |
|
|
|a (OCoLC)1336964141
|
| 040 |
|
|
|a DGITA
|b eng
|e rda
|e pn
|c DGITA
|
| 020 |
|
|
|a 9788412473612
|q eBook
|
| 020 |
|
|
|z 9788412407686
|
| 041 |
1 |
|
|a spa
|h eng
|
| 050 |
1 |
4 |
|a QH325 ebook
|
| 082 |
0 |
4 |
|a 576.8
|2 23
|
| 100 |
1 |
|
|a Deamer, David W.,
|d 1939-
|e author.
|
| 240 |
1 |
0 |
|a Origin of life.
|l Spanish
|s (Otero-Piñeiro)
|
| 245 |
1 |
3 |
|a El origen de la vida :
|b todo cuanto hay que saber /
|c David W. Deamer ; traducción de Dulcinea Otero-Piñeiro.
|
| 264 |
|
1 |
|a Barcelona :
|b Antoni Bosch editor,
|c [2022]
|
| 300 |
|
|
|a 1 online resource :
|b illustrations.
|
| 336 |
|
|
|a text
|b txt
|2 rdacontent
|
| 337 |
|
|
|a computer
|b c
|2 rdamedia
|
| 338 |
|
|
|a online resource
|b cr
|2 rdacarrier
|
| 347 |
|
|
|a text file
|2 rdaft
|
| 347 |
|
|
|b EPUB
|
| 504 |
|
|
|a Includes bibliographical references.
|
| 588 |
0 |
|
|a Online resource; title from ePub title page (Digitalia, viewed January 3, 2024)
|
| 650 |
|
0 |
|a Life
|x Origin.
|
| 700 |
1 |
|
|a Otero-Piñeiro, Dulcinea,
|e translator.
|
| 700 |
1 |
|
|i Translation of:
|a Deamer, David W.,
|d 1939-
|t Origin of life.
|
| 791 |
2 |
|
|a Digitalia (Firm),
|e distributor.
|
| 793 |
0 |
|
|g Digitalia eBook Collection:
|a Antoni Bosch Editor
|
| 776 |
0 |
8 |
|i Print version:
|a Deamer, David W., 1939-
|s Origin of life. Spanish (Otero-Piñeiro).
|t Origen de la vida.
|d Barcelona : Antoni Bosch editor, [2022]
|z 9788412407686
|
| 856 |
4 |
0 |
|3 Digitalia Hispánica
|u https://www.digitaliapublishing.com/a/122240/
|
| 910 |
|
|
|a Premium collection: 2024
|